000 00704nac a22001931u 4500
010 _a 2003070201
020 _a0393924483 (pbk.)
082 0 0 _a327
_bM6638
090 _c1985
_d1985
100 _aMingst, Karen A.,
245 1 0 _aEssentials of international relations /
_cKaren A. Mingst.
250 _a3rd ed.
260 _aNew York :
_bNorton,2004
_c2004.
300 _axxiv, 352 p. :
_bcol. ill., col. maps ;
_c24 cm.
504 _aIncludes bibliographical references and index.
650 0 _aInternational relations.
942 _cBB
_k327M6638
999 _c1985
_d1985